[Event "?"]
[Site "?"]
[Date "2012.09.29"]
[Round "1.1"]
[White "Schlichtmann, Robin"]
[Black "Renner, Christoph"]
[Result "0-1"]
[WhiteElo "2025"]
[BlackElo "2452"]
[PlyCount "78"]
[EventDate "2012.??.??"]

1. e4 e6 2. d4 d5 3. Nd2 Be7 4. e5 c5 5. c3 Nc6 6. Ndf3 Bd7 7. Bd3 Qb6 8. Ne2
f6 9. exf6 Nxf6 10. O-O O-O 11. a3 Bd6 12. Bg5 Rae8 13. Bh4 e5 14. dxe5 Nxe5
15. Nxe5 Bxe5 16. Bg3 Bxg3 17. Nxg3 Qxb2 18. Rb1 Qxc3 19. Rxb7 Bg4 20. Qb1 c4
21. Bf5 Qd4 22. h3 Be2 23. Re1 Bd3 24. Bxd3 Qxd3 25. Qb4 Rxe1+ 26. Qxe1 Ne4 27.
Nh5 g6 28. Rg7+ Kh8 29. Qb4 Re8 30. Re7 Rd8 31. Rd7 Rg8 32. Nf4 Qd1+ 33. Kh2
Qd2 34. Rxh7+ Kxh7 35. Qe7+ Rg7 36. Qh4+ Kg8 37. Qd8+ Kf7 38. Nxd5 Ke6 39. Nc7+
Rxc7 0-1

[Event "?"]
[Site "?"]
[Date "2012.09.29"]
[Round "1.3"]
[White "Schmidt, Walter"]
[Black "Jorczik, Julian"]
[Result "1-0"]
[WhiteElo "2024"]
[BlackElo "2407"]
[PlyCount "75"]
[EventDate "2012.??.??"]

1. e4 e6 2. d4 d5 3. e5 c5 4. c3 Nc6 5. Nf3 Bd7 6. Be3 Nh6 7. Bd3 Qb6 8. Qd2
Ng4 9. O-O Nxe3 10. fxe3 Be7 11. Qc2 Rc8 12. Qb3 Qa5 13. Qd1 O-O 14. Nbd2 b5
15. Nb3 Qb6 16. dxc5 Bxc5 17. Nxc5 Qxc5 18. Qe2 b4 19. Rae1 h6 20. Bb1 bxc3 21.
Qd3 g6 22. bxc3 Na5 23. Qd4 Bb5 24. Qh4 Rfe8 25. Rf2 Qf8 26. Nd4 g5 27. Qh5 Ba6
28. Rf6 Qg7 29. Rxh6 Qxe5 30. Nf3 Qxc3 31. Qxg5+ Qg7 32. Qh5 Nc4 33. Bg6 Nxe3
34. Bxf7+ Kf8 35. Bg6 Qb2 36. Rh8+ Ke7 37. Rxe8+ Rxe8 38. Qg5+ 1-0

[Event "?"]
[Site "?"]
[Date "2012.09.29"]
[Round "1.4"]
[White "Meister, Peter"]
[Black "Kwossek, Georg"]
[Result "1-0"]
[WhiteElo "2405"]
[BlackElo "2018"]
[PlyCount "35"]
[EventDate "2012.??.??"]

1. d4 Nf6 2. Nf3 g6 3. Nc3 d5 4. Bf4 Bg7 5. e3 c6 6. h3 O-O 7. Bd3 Bf5 8. Bxf5
gxf5 9. g4 fxg4 10. hxg4 Nxg4 11. Ne5 f5 12. Nxg4 fxg4 13. Qxg4 Qd7 14. Qh4 Qf5
15. O-O-O Nd7 16. Rdg1 Nf6 17. Rg5 Qe6 18. Qh6 1-0

[Event "?"]
[Site "?"]
[Date "2012.09.29"]
[Round "1.5"]
[White "Sakhatskyi, Oleksandr"]
[Black "Shirazi, Kamran"]
[Result "0-1"]
[WhiteElo "2009"]
[BlackElo "2405"]
[PlyCount "116"]
[EventDate "2012.??.??"]

1. e4 e5 2. Nf3 Nc6 3. Bc4 f5 4. d4 fxe4 5. Nxe5 d5 6. Bb5 Qf6 7. O-O a6 8.
Bxc6+ bxc6 9. f3 e3 10. Bxe3 Bd6 11. f4 Ne7 12. Qh5+ g6 13. Qf3 Rb8 14. b3 Bb7
15. Nd2 Qe6 16. Rae1 O-O 17. g4 c5 18. c3 Bxe5 19. Bf2 cxd4 20. cxd4 Nc6 21.
dxe5 d4 22. Qg3 Qd5 23. Ne4 Nb4 24. h3 Nc2 25. Kh2 Nxe1 26. Rxe1 Rbe8 27. b4 d3
28. Qe3 g5 29. Qc5 Rxf4 30. Qxd5+ Bxd5 31. Nf6+ Rxf6 32. exf6 Rd8 33. Be3 h6
34. Bd2 Bxa2 35. Re7 c6 36. Kg3 Rd6 37. Rg7+ Kf8 38. Rg6 Re6 39. Rxh6 Re2 40.
Bxg5 d2 41. Rh8+ Bg8 42. Bxd2 Rxd2 43. g5 Rd1 44. Rh4 Rd5 45. g6 Rd6 46. Rf4
Bb3 47. Kh4 Bd1 48. Kg5 Bc2 49. h4 Rd5+ 50. Kh6 Bd1 51. g7+ Kf7 52. g8=Q+ Kxg8
53. Kg6 Bh5+ 54. Kh6 Kf7 55. Rc4 Bg6 56. Rc5 Rxc5 57. bxc5 a5 58. h5 Bxh5 0-1

[Event "?"]
[Site "?"]
[Date "2012.09.29"]
[Round "1.6"]
[White "Köpke, Christian"]
[Black "Cabrera, Elmo"]
[Result "1-0"]
[WhiteElo "2387"]
[BlackElo "2001"]
[PlyCount "57"]
[EventDate "2012.??.??"]

1. e4 c5 2. Nf3 d6 3. d4 cxd4 4. Nxd4 Nf6 5. Nc3 a6 6. f3 Qc7 7. Be3 b5 8. Qd2
Nbd7 9. a4 b4 10. Na2 a5 11. Bb5 Bb7 12. c3 e5 13. Nb3 bxc3 14. Nxc3 d5 15.
exd5 Bb4 16. O-O O-O 17. Rac1 Nb6 18. Qf2 Nbd7 19. Rfd1 Qd6 20. Ne4 Nxe4 21.
fxe4 Rac8 22. Bc6 Ba6 23. Nc5 Nxc5 24. Bxc5 Bxc5 25. Rxc5 Rc7 26. Rdc1 Rfc8 27.
Rxa5 Rxc6 28. dxc6 Rxc6 29. Rac5 1-0

[Event "?"]
[Site "?"]
[Date "2012.09.29"]
[Round "1.8"]
[White "Raykhman, Alexander"]
[Black "Xiong, Ferdinand"]
[Result "1-0"]
[WhiteElo "2362"]
[BlackElo "1994"]
[PlyCount "55"]
[EventDate "2012.??.??"]

1. d4 Nf6 2. c4 g6 3. Nc3 Bg7 4. e4 O-O 5. Nf3 d6 6. Be2 e5 7. Be3 Ng4 8. Bg5
f6 9. Bc1 f5 10. exf5 Bxf5 11. h3 Nxf2 12. Kxf2 e4 13. Nh2 Nc6 14. Be3 Qf6 15.
Nd5 Qf7 16. Rf1 Nd8 17. Kg1 c6 18. Nc3 Qe7 19. Ng4 Bxg4 20. Rxf8+ Bxf8 21. Bxg4
Nf7 22. Qc2 Re8 23. Rf1 h5 24. Bd1 Bh6 25. Qd2 Bxe3+ 26. Qxe3 Qe6 27. Bc2 Qxc4
28. Bb3 1-0

[Event "?"]
[Site "?"]
[Date "2012.09.29"]
[Round "1.10"]
[White "Bäuml, Manfred"]
[Black "Urankar, Hans-Peter"]
[Result "0-1"]
[WhiteElo "1983"]
[BlackElo "2243"]
[PlyCount "76"]
[EventDate "2012.??.??"]

1. c4 f5 2. g3 Nf6 3. Nf3 g6 4. b3 Bg7 5. Bb2 O-O 6. Bg2 d6 7. d4 Na6 8. O-O c6
9. Nc3 Qe8 10. Re1 e5 11. e4 f4 12. dxe5 dxe5 13. Ba3 Rf7 14. Qc2 Nh5 15. Ng5
Rf6 16. Rad1 Bh6 17. Nf3 Bg4 18. Rd3 Bf8 19. Bxf8 Qxf8 20. Nxe5 Nb4 21. Qd2
Nxd3 22. Nxg4 Nxe1 23. Nxf6+ Qxf6 24. Qxe1 Re8 25. Bh3 Qd4 26. Kg2 Nf6 27. f3
Rd8 28. Be6+ Kf8 29. gxf4 Nh5 30. Ne2 Qe3 31. Qf2 Nxf4+ 32. Nxf4 Qxf4 33. Qc5+
Ke8 34. Bd5 cxd5 35. cxd5 Qg5+ 36. Kf2 Qe5 37. h4 Qh2+ 38. Ke3 Qg1+ 0-1

[Event "?"]
[Site "?"]
[Date "2012.09.30"]
[Round "2.1"]
[White "Renner, Christoph"]
[Black "Dehlinger, Alexander"]
[Result "1-0"]
[WhiteElo "2452"]
[BlackElo "2177"]
[PlyCount "205"]
[EventDate "2012.??.??"]

1. d4 Nf6 2. Bf4 e6 3. e3 c5 4. Nd2 cxd4 5. exd4 Be7 6. Ngf3 O-O 7. Bd3 b6 8.
O-O Bb7 9. Re1 d6 10. Rc1 Nbd7 11. c4 Re8 12. a3 d5 13. Ne5 dxc4 14. Ndxc4 Nf8
15. Ne3 Ng6 16. Nxg6 hxg6 17. Bb5 Nd5 18. Bxe8 Nxf4 19. Bc6 Bxc6 20. Rxc6 Qd7
21. Qf3 Rd8 22. Rd1 Ne2+ 23. Qxe2 Qxc6 24. d5 exd5 25. Qf3 Rd6 26. Nxd5 Bf8 27.
Qb3 Qd7 28. g3 Qe6 29. Qd3 Qd7 30. Kg2 g5 31. h3 Qe6 32. Qf3 Qd7 33. Qe4 Qb5
34. Rd2 Qd7 35. Qe5 g4 36. h4 Qe6 37. Qd4 Qf5 38. Qd3 Qe6 39. Kf1 Qe5 40. Qc4
Qe6 41. Rd1 Qf5 42. Qd3 Qe5 43. b4 Qe6 44. Kg1 Qe5 45. b5 Qe6 46. a4 Qe5 47.
Qc4 Qe6 48. Kf1 Qf5 49. Rd3 Qe6 50. Rd4 Qe5 51. Qd3 Kh8 52. Qd1 Kg8 53. Kg1 Kh8
54. Rd2 Kg8 55. Kh2 Qe4 56. h5 Qc4 57. Rd4 Qc5 58. Kg2 Kh8 59. Qd3 Kg8 60. Qe4
Kh8 61. Rd1 Kg8 62. Kg1 Kh8 63. Qf5 Kg8 64. Kg2 Qc4 65. Ne3 Qxa4 66. Rxd6 Bxd6
67. h6 gxh6 68. Nxg4 Qc4 69. Nxh6+ Kf8 70. Ng4 a6 71. bxa6 Qxa6 72. Qd5 b5 73.
Nh6 Ke7 74. Nf5+ Kd7 75. Qxf7+ Kd8 76. Qd5 Kd7 77. Nxd6 Qxd6 78. Qxb5+ Ke7 79.
Qb7+ Kf6 80. Qe4 Kg7 81. Qg4+ Kh8 82. Qe4 Qd1 83. g4 Qd2 84. Kg3 Qd1 85. g5 Qc1
86. Qd4+ Kh7 87. f4 Qe1+ 88. Kg4 Qe6+ 89. Kh4 Qe1+ 90. Kg4 Qe6+ 91. Kf3 Qh3+
92. Ke4 Qe6+ 93. Qe5 Qg6+ 94. Qf5 Kh8 95. Ke5 Qe8+ 96. Qe6 Qb8+ 97. Kf5 Qb1+
98. Kf6 Qg6+ 99. Ke5 Qc2 100. Qe8+ Kh7 101. Qf7+ Kh8 102. Qf8+ Kh7 103. Qf5+
1-0

[Event "?"]
[Site "?"]
[Date "2012.09.30"]
[Round "2.2"]
[White "Hantak, Adam"]
[Black "Belezky, Alexander"]
[Result "0-1"]
[WhiteElo "2185"]
[BlackElo "2413"]
[PlyCount "90"]
[EventDate "2012.??.??"]

1. d4 Nf6 2. c4 g6 3. g3 Bg7 4. Bg2 d6 5. Nf3 O-O 6. O-O c6 7. Nc3 Qa5 8. e4
Qh5 9. Ng5 Qxd1 10. Rxd1 h6 11. Nf3 Bg4 12. h3 Bxf3 13. Bxf3 Nfd7 14. b4 a5 15.
Rb1 axb4 16. Rxb4 Bxd4 17. Ne2 Bg7 18. a3 Ra7 19. Nf4 Na6 20. Be3 Nac5 21. Bg4
Ne5 22. Be2 Rb8 23. Rdb1 g5 24. Nh5 Ned7 25. Nxg7 Kxg7 26. Bg4 Ne5 27. Be2 Kf8
28. Kg2 Rxa3 29. Bxc5 dxc5 30. Rxb7 Rxb7 31. Rxb7 Ra2 32. Kf1 Ra1+ 33. Kg2 Re1
34. Rb2 Rc1 35. Rb6 Rc2 36. Kf1 h5 37. Rb8+ Kg7 38. Rb7 g4 39. hxg4 Rc1+ 40.
Kg2 Re1 41. Bf1 hxg4 42. Rxe7 Rxe4 43. Bd3 Re1 44. Bf1 Nf3 45. Rd7 Re5 0-1

[Event "?"]
[Site "?"]
[Date "2012.09.30"]
[Round "2.3"]
[White "Herrmann, Oliver"]
[Black "Meister, Peter"]
[Result "0-1"]
[WhiteElo "2141"]
[BlackElo "2405"]
[PlyCount "86"]
[EventDate "2012.??.??"]

1. e4 e6 2. Nf3 d5 3. Nc3 Nf6 4. e5 Nfd7 5. d4 c5 6. dxc5 Nc6 7. Bf4 Bxc5 8.
Bd3 f6 9. exf6 Nxf6 10. O-O O-O 11. Bg3 Nh5 12. Bh4 Be7 13. Ng5 Nf4 14. Nxh7
Bxh4 15. Nxf8 Qxf8 16. Qg4 Be7 17. Qf3 Bd6 18. Ne2 Nxd3 19. Qxd3 Ne5 20. Qd1
Bd7 21. Nd4 Qf6 22. Kh1 Nc4 23. b3 Be5 24. c3 Nd6 25. f4 Bxd4 26. cxd4 Nf5 27.
Qh5 Nxd4 28. Rad1 Be8 29. Qh3 Bg6 30. f5 Bxf5 31. Qe3 Nc6 32. g4 Be4+ 33. Kg1
Qe5 34. Qf2 Qc7 35. g5 Qb6 36. h4 g6 37. Kh2 Qxf2+ 38. Rxf2 Rf8 39. Rxf8+ Kxf8
40. Kg3 e5 41. Rf1+ Ke7 42. Rf6 Nd4 43. Kf2 Ne6 0-1

[Event "?"]
[Site "?"]
[Date "2012.09.30"]
[Round "2.4"]
[White "Shirazi, Kamran"]
[Black "Deues, Erik"]
[Result "1-0"]
[WhiteElo "2405"]
[BlackElo "2036"]
[PlyCount "77"]
[EventDate "2012.??.??"]

1. e4 c5 2. Nf3 Nc6 3. g3 g6 4. Bg2 Bg7 5. O-O d6 6. Re1 e5 7. c3 Nge7 8. a3
O-O 9. b4 a6 10. Bb2 Bg4 11. h3 Bxf3 12. Bxf3 Qd7 13. h4 b5 14. d3 Rad8 15. Nd2
Qe6 16. Nb3 c4 17. dxc4 Qxc4 18. a4 bxa4 19. Rxa4 Qb5 20. Na5 Nb8 21. Qb3 Qd3
22. Re3 Qb5 23. c4 Qb6 24. c5 dxc5 25. bxc5 Qxb3 26. Rxb3 Rc8 27. Rb7 Nec6 28.
Nxc6 Nxc6 29. Rxa6 Nd4 30. Bxd4 exd4 31. c6 Be5 32. Bg4 f5 33. exf5 gxf5 34.
Be2 Rc7 35. Rxc7 Bxc7 36. Ra7 Bb6 37. Rb7 Ba5 38. Bc4+ Kh8 39. c7 1-0

[Event "?"]
[Site "?"]
[Date "2012.09.30"]
[Round "2.5"]
[White "Brem, Stephan"]
[Black "Köpke, Christian"]
[Result "0-1"]
[WhiteElo "2123"]
[BlackElo "2364"]
[PlyCount "110"]
[EventDate "2012.??.??"]

1. f4 g6 2. Nf3 Bg7 3. e4 c5 4. Be2 Nc6 5. O-O d6 6. d3 e6 7. c3 Nge7 8. Be3 f5
9. Na3 O-O 10. Qd2 b6 11. Nc2 Qd7 12. Rad1 Bb7 13. exf5 gxf5 14. d4 Nd5 15.
dxc5 bxc5 16. Ng5 Rae8 17. Bf3 Na5 18. Qd3 Nxe3 19. Qxe3 Bxf3 20. Rxf3 h6 21.
Nh3 Qc7 22. Qd3 d5 23. Ne3 Qb6 24. Rf2 Rd8 25. Rfd2 Nb7 26. Kh1 Nd6 27. g4 d4
28. cxd4 cxd4 29. Ng2 fxg4 30. Nf2 h5 31. Qg6 Nc4 32. Re2 e5 33. Qxh5 exf4 34.
Re7 Qf6 35. Rxa7 Ne3 36. Nxg4 Nxg4 37. Qxg4 f3 38. Nf4 f2 39. Rf1 Qc6+ 40. Ng2
Qh6 41. h3 Rd6 42. Nf4 d3 43. Ne6 Rxe6 44. Rxg7+ Qxg7 45. Qxe6+ Kh8 46. Qe4 Qg3
47. Qd4+ Kg8 48. Qg4+ Qxg4 49. hxg4 d2 50. Kg2 Re8 51. Kxf2 Rf8+ 52. Ke2 Rxf1
53. Kxd2 Rg1 54. Kc3 Rxg4 55. a4 Rxa4 0-1

[Event "?"]
[Site "?"]
[Date "2012.09.30"]
[Round "2.6"]
[White "Reich, Thomas"]
[Black "Guggenberger, Guido"]
[Result "1-0"]
[WhiteElo "2382"]
[BlackElo "2033"]
[PlyCount "31"]
[EventDate "2012.??.??"]

1. d4 Nf6 2. Nf3 g6 3. c4 Bg7 4. Nc3 O-O 5. e4 d6 6. h3 Nbd7 7. Bg5 h6 8. Be3
c5 9. d5 b5 10. cxb5 a6 11. a4 Qa5 12. Qd2 Kh7 13. Ra2 axb5 14. axb5 Qxa2 15.
Nxa2 Rxa2 16. Qc2 1-0

[Event "?"]
[Site "?"]
[Date "2012.09.30"]
[Round "2.7"]
[White "Schmitzer, Peter"]
[Black "Raykhman, Alexander"]
[Result "0-1"]
[WhiteElo "2074"]
[BlackElo "2362"]
[PlyCount "78"]
[EventDate "2012.??.??"]

1. d4 Nf6 2. Nf3 g6 3. Bf4 Bg7 4. e3 O-O 5. h3 d6 6. Nc3 Nfd7 7. Be2 e5 8. dxe5
dxe5 9. Bg5 f6 10. Bh4 Nc6 11. Qd5+ Kh8 12. O-O-O Qe7 13. Qb3 Nb6 14. e4 Be6
15. Nd5 Qf7 16. c4 Na5 17. Qb4 Naxc4 18. Bxc4 Nxc4 19. Qxc4 c6 20. Kb1 Rfd8 21.
Qa4 cxd5 22. exd5 Bxd5 23. Nxe5 fxe5 24. Bxd8 Rxd8 25. f3 b5 26. Qa5 Rc8 27.
Rhe1 Qb7 28. Re3 e4 29. f4 Qc6 30. Qd2 Qc4 31. b3 Qc6 32. Rc1 Qxc1+ 33. Qxc1
Rxc1+ 34. Kxc1 Bh6 35. Re2 Bxf4+ 36. Kd1 Kg7 37. Rc2 e3 38. Ke1 Be4 39. Rc5 Bd3
0-1

[Event "?"]
[Site "?"]
[Date "2012.09.30"]
[Round "2.8"]
[White "Karajannidis, Christos"]
[Black "Gschwendtner, Michael"]
[Result "1/2-1/2"]
[WhiteElo "2069"]
[BlackElo "2296"]
[PlyCount "35"]
[EventDate "2012.??.??"]

1. e4 c6 2. d4 d5 3. e5 Bf5 4. Nf3 e6 5. Be2 Nd7 6. O-O Ne7 7. Be3 h6 8. Nbd2
g5 9. Ne1 Bg6 10. Bd3 Nf5 11. Qe2 c5 12. Bxf5 Bxf5 13. dxc5 Qc7 14. Nd3 O-O-O
15. Bd4 Nxc5 16. Nxc5 Bxc5 17. Nb3 Bb6 18. a4 1/2-1/2

[Event "?"]
[Site "?"]
[Date "2012.09.30"]
[Round "2.9"]
[White "Höller, Armin"]
[Black "Eitel, Harald"]
[Result "0-1"]
[WhiteElo "2058"]
[BlackElo "2253"]
[PlyCount "50"]
[EventDate "2012.??.??"]

1. e4 e5 2. Nf3 d6 3. d4 exd4 4. Nxd4 Nf6 5. Nc3 Be7 6. Be2 O-O 7. O-O Re8 8.
Kh1 c6 9. f3 d5 10. e5 Nfd7 11. f4 Bf8 12. Bg4 Nc5 13. Bxc8 Qxc8 14. Qh5 g6 15.
Qh4 Qd8 16. Qg3 Bg7 17. Bd2 Nbd7 18. Rae1 f5 19. exf6 Qxf6 20. Nb3 Qf5 21. Qf3
Qxc2 22. Rc1 Qd3 23. Nxc5 Nxc5 24. Rfd1 Qxf3 25. gxf3 Nd3 0-1

[Event "?"]
[Site "?"]
[Date "2012.09.30"]
[Round "2.10"]
[White "Urankar, Hans-Peter"]
[Black "Wank, Rainer"]
[Result "1-0"]
[WhiteElo "2243"]
[BlackElo "2028"]
[PlyCount "57"]
[EventDate "2012.??.??"]

1. d4 b6 2. Bf4 Bb7 3. e3 e6 4. Nf3 d6 5. c4 Nd7 6. Nc3 Ne7 7. Be2 g6 8. Qc2
Bg7 9. Rd1 h6 10. h3 a6 11. Bh2 Nf5 12. d5 e5 13. O-O O-O 14. b4 Ne7 15. Nd2 f5
16. Nb3 Nf6 17. f4 e4 18. Bg3 Bc8 19. Bh4 Nh7 20. Nd4 Bf6 21. Bxf6 Rxf6 22. Kh1
Bd7 23. Qd2 Nf8 24. Nb3 Nh7 25. Qd4 Kf7 26. Rf2 Qh8 27. c5 bxc5 28. bxc5 c6 29.
Bc4 1-0

[Event "?"]
[Site "?"]
[Date "2012.10.01"]
[Round "3.2"]
[White "Belezky, Alexander"]
[Black "Urankar, Hans-Peter"]
[Result "1-0"]
[WhiteElo "2413"]
[BlackElo "2243"]
[PlyCount "73"]
[EventDate "2012.??.??"]

1. Nf3 Nf6 2. c4 g6 3. g3 Bg7 4. Bg2 O-O 5. O-O d6 6. d4 Nbd7 7. Nc3 e5 8. h3
exd4 9. Nxd4 Re8 10. Rb1 a6 11. Re1 Rb8 12. b3 Nc5 13. e4 h6 14. Bb2 c6 15. Qc2
Qc7 16. Rbd1 Bd7 17. b4 Ne6 18. Nb3 Rbd8 19. c5 dxc5 20. bxc5 h5 21. e5 Nh7 22.
Ne4 Neg5 23. Nd6 Nxh3+ 24. Kh2 N3g5 25. f4 Ne6 26. Bc3 h4 27. Ba5 hxg3+ 28.
Kxg3 Qb8 29. Nxe8 Bxe8 30. Bxd8 Nxd8 31. Bh3 g5 32. fxg5 Bxe5+ 33. Kg2 Ne6 34.
Bxe6 fxe6 35. Qe4 Bg7 36. Qxe6+ Bf7 37. Qd6 1-0

[Event "?"]
[Site "?"]
[Date "2012.10.01"]
[Round "3.3"]
[White "Meister, Peter"]
[Black "Sailer, Wolfgang"]
[Result "1-0"]
[WhiteElo "2405"]
[BlackElo "2206"]
[PlyCount "68"]
[EventDate "2012.??.??"]

1. d4 Nf6 2. c4 c5 3. d5 e5 4. Nc3 d6 5. e4 g6 6. Be2 Bg7 7. h4 h5 8. Bg5 Nbd7
9. Qd2 a6 10. f3 Rb8 11. Nh3 Qa5 12. O-O Nf8 13. Nf2 N8h7 14. Be3 O-O 15. a3
Nd7 16. g3 Qd8 17. b4 f5 18. f4 exf4 19. Bxf4 Ne5 20. bxc5 dxc5 21. d6 Be6 22.
Nd5 Kh8 23. Ne7 Qe8 24. exf5 Bxf5 25. Rae1 Qf7 26. Nxf5 Qxf5 27. Qd5 Rbe8 28.
Nd3 Nxd3 29. Qxf5 Bd4+ 30. Kh2 Nxe1 31. Qxg6 Rxe2+ 32. Kh3 Rf6 33. Qxh5 Ree6
34. d7 Rf8 1-0

[Event "?"]
[Site "?"]
[Date "2012.10.01"]
[Round "3.4"]
[White "Eitel, Harald"]
[Black "Shirazi, Kamran"]
[Result "0-1"]
[WhiteElo "2253"]
[BlackElo "2405"]
[PlyCount "76"]
[EventDate "2012.??.??"]

1. d4 Nf6 2. Nf3 g6 3. Bf4 c5 4. c3 b6 5. e3 Bb7 6. Be2 Bg7 7. O-O O-O 8. a4 d6
9. h3 h6 10. Nbd2 Nc6 11. Bh2 Rc8 12. Qb1 e5 13. dxe5 Nxe5 14. Nxe5 dxe5 15.
Rd1 Qe7 16. a5 b5 17. Bxb5 Bxg2 18. Kxg2 Qb7+ 19. Nf3 Qxb5 20. Bxe5 Rfe8 21.
Qd3 Qb3 22. c4 Qb7 23. a6 Qb6 24. Qc2 Re6 25. Qa4 Ne4 26. Bxg7 Kxg7 27. Rd7
Qxb2 28. Ra2 Qf6 29. Qc2 Rd8 30. Rxd8 Qxd8 31. Qb2+ Kh7 32. Qb7 Re7 33. Qd5 Qc8
34. Ra5 Kg7 35. Ne5 Qf5 36. Nf3 Qf6 37. Ra3 Re6 38. Ra5 Qb2 0-1

[Event "?"]
[Site "?"]
[Date "2012.10.01"]
[Round "3.5"]
[White "Köpke, Christian"]
[Black "Sajka, Mariusz"]
[Result "1-0"]
[WhiteElo "2364"]
[BlackElo "2191"]
[PlyCount "75"]
[EventDate "2012.??.??"]

1. e4 g6 2. d4 Bg7 3. Nc3 d6 4. Be3 a6 5. h4 h5 6. Qd2 b5 7. Nh3 Nf6 8. f3 Nbd7
9. O-O-O Bb7 10. Ng5 O-O 11. g4 c5 12. dxc5 dxc5 13. gxh5 gxh5 14. Qg2 Qc7 15.
Rg1 Ne8 16. Nh3 Kh8 17. Qg5 Ndf6 18. Bf4 Qb6 19. e5 Nh7 20. Qxh5 c4 21. Nd5
Bxd5 22. Rxd5 f6 23. Rd2 Qe6 24. Qg6 Qf7 25. Qxf7 Rxf7 26. e6 Rf8 27. Rd7 f5
28. Ng5 Nef6 29. Rxe7 Nd5 30. Nf7+ Rxf7 31. Rxf7 Bd4 32. Bh2 Be3+ 33. Kb1 Bxg1
34. Bxg1 Ndf6 35. Bd4 Rd8 36. c3 Kg8 37. Bh3 Rf8 38. Ra7 1-0

[Event "?"]
[Site "?"]
[Date "2012.10.01"]
[Round "3.6"]
[White "Pitschka, Claus"]
[Black "Reich, Thomas"]
[Result "0-1"]
[WhiteElo "2210"]
[BlackElo "2382"]
[PlyCount "84"]
[EventDate "2012.??.??"]

1. d4 Nf6 2. Nf3 g6 3. Bg5 Bg7 4. Nbd2 O-O 5. c3 b6 6. e4 Bb7 7. Bd3 d5 8. Qe2
dxe4 9. Nxe4 Nbd7 10. O-O c5 11. dxc5 Nxc5 12. Nxc5 bxc5 13. Ba6 Bxa6 14. Qxa6
Qb6 15. Qe2 Rab8 16. Rab1 Rfd8 17. c4 Rd6 18. b3 Re6 19. Qc2 Ne4 20. Bf4 Rd8
21. Ng5 Nxg5 22. Bxg5 Bd4 23. Rfe1 Rd7 24. Rbd1 Qc6 25. Be3 Bxe3 26. Rxe3 Rxe3
27. fxe3 Rxd1+ 28. Qxd1 Qe4 29. Qd2 h5 30. h3 h4 31. Kf2 Qe5 32. Qd5 Qxd5 33.
cxd5 Kg7 34. Kf3 f5 35. Ke2 Kf6 36. Kd3 Ke5 37. Kc4 Kd6 38. a4 a6 39. b4 cxb4
40. Kxb4 Kxd5 41. Ka5 e5 42. Kxa6 Kc6 0-1

[Event "?"]
[Site "?"]
[Date "2012.10.01"]
[Round "3.8"]
[White "Straub, Jürgen"]
[Black "Karajannidis, Christos"]
[Result "1/2-1/2"]
[WhiteElo "2226"]
[BlackElo "2069"]
[PlyCount "145"]
[EventDate "2012.??.??"]

1. c4 Nf6 2. Nc3 c5 3. f4 d5 4. cxd5 Nxd5 5. Nf3 g6 6. d3 Bg7 7. Bd2 Nc6 8. Rc1
O-O 9. Qb3 Nb6 10. Ne4 c4 11. dxc4 Nd4 12. Qd3 Nxf3+ 13. exf3 Bxb2 14. Qxd8
Rxd8 15. Rc2 Bd4 16. Ba5 Rd7 17. c5 Rc7 18. Bc4 Bxc5 19. Nxc5 Bf5 20. Bxb6 axb6
21. Ne4 Rac8 22. Bxf7+ Kxf7 23. Rxc7 Rxc7 24. Kd2 h6 25. Rc1 Rc6 26. Rc3 Be6
27. a3 Bf5 28. g4 Bxe4 29. fxe4 Rd6+ 30. Ke3 Rc6 31. Rb3 Rc4 32. h4 Ra4 33. f5
gxf5 34. gxf5 b5 35. Kf4 e6 36. Rxb5 exf5 37. Rxb7+ Kf8 38. Kxf5 Rxa3 39. h5
Rg3 40. e5 Ra3 41. Kf6 Rf3+ 42. Kg6 Re3 43. Rb5 Ke7 44. Kxh6 Ke6 45. Kg5 Re1
46. h6 Rg1+ 47. Kh5 Rh1+ 48. Kg6 Rg1+ 49. Kh7 Rg2 50. Kh8 Rg1 51. h7 Rg2 52.
Rb8 Rf2 53. Rg8 Kf7 54. e6+ Kxe6 55. Kg7 Rg2+ 56. Kf8 Rf2+ 57. Ke8 Ra2 58. Rg6+
Kf5 59. Rh6 Ra8+ 60. Ke7 Ra7+ 61. Kd8 Ra8+ 62. Kd7 Ra7+ 63. Kd8 Ra8+ 64. Kc7
Rh8 65. Kd6 Kg5 66. Rh1 Kf6 67. Rh2 Rd8+ 68. Kc7 Rh8 69. Kd7 Kg6 70. Ke6 Rxh7
71. Rg2+ Kh5 72. Kf6 Ra7 73. Rh2+ 1/2-1/2

[Event "?"]
[Site "?"]
[Date "2012.10.01"]
[Round "3.9"]
[White "Stocker, Rupert"]
[Black "Rusche, Johannes"]
[Result "0-1"]
[WhiteElo "2128"]
[BlackElo "2220"]
[PlyCount "104"]
[EventDate "2012.??.??"]

1. c4 Nf6 2. g3 e6 3. Bg2 d5 4. Nf3 Be7 5. O-O O-O 6. b3 d4 7. e3 Nc6 8. Ba3 e5
9. Re1 Bxa3 10. Nxa3 d3 11. Ng5 h6 12. Nh3 Nb4 13. f3 Qe7 14. Nf2 Nd7 15. e4 c6
16. Re3 Nc5 17. Bf1 f5 18. exf5 Bxf5 19. Qc1 a5 20. Qb2 Rae8 21. Rae1 Qf6 22.
f4 e4 23. Qxf6 Rxf6 24. Nxd3 Ncxd3 25. Bxd3 Rd6 26. Bxe4 Rxe4 27. Rxe4 Bxe4 28.
Rxe4 Rxd2 29. c5 Rxa2 30. Nc4 Nd3 31. Re7 Nxc5 32. Nd6 b5 33. Nf5 Nxb3 34. Nxg7
Nd4 35. f5 Nf3+ 36. Kf1 Nxh2+ 37. Ke1 Nf3+ 38. Kf1 Nh2+ 39. Kg1 Nf3+ 40. Kf1
Ng5 41. Nh5 b4 42. Rb7 Rd2 43. Nf4 Ne4 44. Ke1 Rd6 45. g4 c5 46. Ne6 c4 47.
Rg7+ Kh8 48. Rf7 Ng5 49. Rf6 Nxe6 50. fxe6 Kg7 51. e7 Kxf6 52. e8=Q Re6+ 0-1

[Event "?"]
[Site "?"]
[Date "2012.10.01"]
[Round "3.10"]
[White "Schelle, Artur"]
[Black "Mack, Thomas"]
[Result "1-0"]
[WhiteElo "2206"]
[BlackElo "2048"]
[PlyCount "54"]
[EventDate "2012.??.??"]

1. e4 e6 2. Nc3 d5 3. d4 Nf6 4. e5 Nfd7 5. f4 c5 6. Nf3 Nc6 7. Be3 a6 8. Qd2 b5
9. a3 Qb6 10. Ne2 c4 11. g4 h5 12. gxh5 Rxh5 13. Ng3 Rh8 14. h4 Be7 15. h5 Nf8
16. Bh3 Bd7 17. Kf2 Na5 18. Rag1 b4 19. axb4 Bxb4 20. Qe2 Bb5 21. c3 Be7 22. f5
Nh7 23. h6 gxh6 24. Bxh6 O-O-O 25. Bg7 Rhg8 26. f6 Rde8 27. Qc2 Ba4 1-0

[Event "?"]
[Site "?"]
[Date "2012.10.02"]
[Round "4.1"]
[White "Köpke, Christian"]
[Black "Belezky, Alexander"]
[Result "1/2-1/2"]
[WhiteElo "2364"]
[BlackElo "2413"]
[PlyCount "31"]
[EventDate "2012.??.??"]

1. e4 c5 2. Nf3 g6 3. d4 cxd4 4. Nxd4 Nc6 5. Nc3 Bg7 6. Be3 Nf6 7. Bc4 O-O 8.
Bb3 a5 9. O-O d6 10. Ndb5 b6 11. Qe2 Ba6 12. a4 Nd7 13. f4 Nd4 14. Bxd4 Bxd4+
15. Kh1 Bxc3 16. bxc3 1/2-1/2

[Event "?"]
[Site "?"]
[Date "2012.10.02"]
[Round "4.2"]
[White "Reich, Thomas"]
[Black "Meister, Peter"]
[Result "1/2-1/2"]
[WhiteElo "2382"]
[BlackElo "2405"]
[PlyCount "34"]
[EventDate "2012.??.??"]

1. d4 d5 2. Bf4 Nf6 3. e3 c5 4. c3 Nc6 5. Nd2 g6 6. Ngf3 Bg7 7. dxc5 O-O 8. Bb5
Nh5 9. Bg5 h6 10. Bh4 Qc7 11. O-O a6 12. Be2 g5 13. Bg3 Nxg3 14. hxg3 Rd8 15.
Qc2 a5 16. a4 Nb8 17. Nb3 Na6 1/2-1/2

[Event "?"]
[Site "?"]
[Date "2012.10.02"]
[Round "4.3"]
[White "Shirazi, Kamran"]
[Black "Raykhman, Alexander"]
[Result "1/2-1/2"]
[WhiteElo "2405"]
[BlackElo "2362"]
[PlyCount "98"]
[EventDate "2012.??.??"]

1. e4 c5 2. Nf3 d6 3. d4 cxd4 4. Nxd4 Nf6 5. Nc3 a6 6. Bg5 e6 7. f4 Be7 8. Qe2
h6 9. Bxf6 Bxf6 10. O-O-O Qc7 11. h4 h5 12. Rh3 Nd7 13. Ndb5 axb5 14. Nxb5 Qc5
15. e5 Rxa2 16. Kb1 Rxb2+ 17. Kxb2 dxe5 18. Nd6+ Ke7 19. Rb3 exf4+ 20. c3 Nb6
21. Ne4 Qc6 22. Rd6 Na4+ 23. Ka3 Qc7 24. Kxa4 Be5 25. Rdb6 f5 26. Ka3 fxe4 27.
Qxe4 Qc5+ 28. Ka2 Rd8 29. Qb4 Rd2+ 30. Rb2 Qxb4 31. R6xb4 Bxc3 32. Rxd2 Bxb4
33. Rc2 Kd8 34. Kb3 Bd6 35. Be2 e5 36. Bxh5 Be6+ 37. Ka4 Bd7+ 38. Ka5 Bc6 39.
Bf3 e4 40. Rxc6 bxc6 41. Bxe4 Kc7 42. h5 Bc5 43. Ka4 Kd6 44. Kb3 Bd4 45. Kc4 c5
46. Bf3 Ke5 47. Kd3 Kf5 48. Kc4 g5 49. hxg6 Kxg6 1/2-1/2

[Event "?"]
[Site "?"]
[Date "2012.10.02"]
[Round "4.4"]
[White "Rusche, Johannes"]
[Black "Schelle, Artur"]
[Result "1-0"]
[WhiteElo "2220"]
[BlackElo "2206"]
[PlyCount "107"]
[EventDate "2012.??.??"]

1. e4 d5 2. exd5 Qxd5 3. Nc3 Qa5 4. d4 Nf6 5. Nf3 Bf5 6. Bc4 e6 7. Bd2 c6 8.
Nd5 Qd8 9. Nxf6+ gxf6 10. O-O Nd7 11. Nh4 Bg6 12. Qg4 f5 13. Qh3 Bg7 14. Nf3
Qc7 15. Qh4 Bf6 16. Bg5 Bxg5 17. Qxg5 Qd8 18. Qf4 Qb8 19. Ne5 O-O 20. Rfe1 Nxe5
21. dxe5 Rd8 22. Rad1 Qc7 23. Rd6 Rd7 24. Red1 Rad8 25. h4 Rxd6 26. exd6 Qb8
27. Qe5 Rd7 28. Be2 h5 29. c4 Qf8 30. b4 Qg7 31. Qe3 a6 32. c5 e5 33. f4 f6 34.
Qg3 e4 35. a4 Kh7 36. b5 axb5 37. axb5 Qf8 38. Qc3 Be8 39. Bc4 Rg7 40. Be6 Bd7
41. Bxd7 Rxd7 42. bxc6 bxc6 43. Rb1 Kg6 44. Qg3+ Kh6 45. Qb3 Qe8 46. Qb8 Qe6
47. Qh8+ Rh7 48. Qf8+ Kg6 49. Rb8 Ra7 50. Qh8 Rg7 51. Qe8+ Qxe8 52. Rxe8 Ra7
53. Rc8 Ra2 54. d7 1-0